[Event "2011 SC Site Championship, Semifinal - Group I"]
[Site "SchemingMind.com"]
[Date "2011.09.22"]
[Round "-"]
[White "Granny Gambit"]
[Black "Girkassa"]
[Result "1-0"]
[WhiteCountry "ENG"]
[BlackCountry "NOR"]
[WhiteElo "2420"]
[WhiteRD "81"]
[BlackElo "2090"]
[BlackRD "81"]
[GameID "293405"]

1. d4 Nf6 2. c4 c5 3. d5 b5 4. cxb5 a6 5. bxa6 g6 6. Nc3 Bxa6 7. g3 d6 8. Bg2 Bg7 9. Nf3 Nbd7 10. Rb1 Nb6
11. b3 Bc8 12. Nh4 h6 13. Qc2 Qd7 14. Bb2 g5 15. Nf3 O-O 16. O-O Nbxd5 17. Nxd5 Nxd5 18. Bxg7 Kxg7 19. Nxg5 hxg5 20. Bxd5 Bb7
21. Bxb7 Qxb7 22. f4 f6 23. fxg5 Qa7 24. gxf6+ Rxf6 25. Rxf6 exf6 26. Qe4 Qxa2 27. Qe7+ Kg8 28. Qe6+ Kg7 29. Rf1 Rf8 30. Rf4 f5
31. Qe7+ Rf7 32. Qg5+ Kf8 33. Ra4 Qb1+ 34. Kg2
1-0

[Event "2011 SC Site Championship, Semifinal - Group I"]
[Site "SchemingMind.com"]
[Date "2011.09.22"]
[Round "-"]
[White "Girkassa"]
[Black "Granny Gambit"]
[Result "1/2-1/2"]
[WhiteCountry "NOR"]
[BlackCountry "ENG"]
[WhiteElo "2090"]
[WhiteRD "81"]
[BlackElo "2420"]
[BlackRD "81"]
[GameID "293406"]

1. d4 Nf6 2. c4 g6 3. Nc3 d5 4. cxd5 Nxd5 5. e4 Nxc3 6. bxc3 Bg7 7. Bc4 c5 8. Ne2 Nc6 9. Be3 O-O 10. O-O Qc7
11. Rc1 Rd8 12. Bf4 Qd7 13. dxc5 Qe8 14. Bd5 Bd7 15. Qd3 e6 16. Bxc6 Bxc6 17. Bd6 b6 18. Qe3 bxc5 19. Bxc5 Bb7 20. Bd4 e5
21. Bxa7 Qc6 22. f3 Rxa7 23. Qxa7 Bf8 24. Qf2 Bc5 25. Nd4 exd4 26. cxd4 Bxd4 27. Rxc6 Bxc6 28. Rc1 Ba4 29. Rc4 Bxf2+ 30. Kxf2 Rd2+
31. Ke3 Rxa2 32. h4 Bb3 33. Rb4 Be6 34. g3 Kg7 35. Kf4 Ra5 36. Rb7 h6 37. g4 Ra3 38. Rc7 g5+ 39. hxg5 hxg5+ 40. Kg3 Ra5
41. Rb7 Kf6 42. Rb8 Ke5 43. Rd8 Ra1=
1/2-1/2

[Event "2011 SC Site Championship, Semifinal - Group I"]
[Site "SchemingMind.com"]
[Date "2011.09.25"]
[Round "-"]
[White "Number34"]
[Black "Girkassa"]
[Result "1-0"]
[WhiteCountry "USA"]
[BlackCountry "NOR"]
[WhiteElo "2345"]
[WhiteRD "80"]
[BlackElo "2090"]
[BlackRD "81"]
[GameID "293451"]

1. e4 c6 2. Nf3 d5 3. exd5 cxd5 4. Ne5 Nf6 5. d4 g6 6. Bb5+ Nbd7 7. f4 Bg7 8. Nc3 O-O 9. O-O a6 10. Be2 b5
11. a4 bxa4 12. Nxa4 Nxe5 13. dxe5 Ne4 14. Qd4 f6 15. Nb6 fxe5 16. Qxd5+ Qxd5 17. Nxd5 Bb7 18. Nc7 Rac8 19. Ne6 exf4 20. Nxg7 Kxg7
21. Bxf4 Rxc2 22. Bd3 Rf2 23. Bxe4 Rxf1+ 24. Rxf1 Bxe4 25. Bh6+ Kxh6 26. Rxf8 Kg7 27. Rb8 g5 28. Kf2 Kf7 29. Rb6 Bd3 30. Ke3 Bf1
31. g3 e6 32. Rb7+ Kg6 33. Re7 h5 34. Rxe6+ Kf5 35. Rd6 Kg4 36. Rd4+ Kh3 37. Rd5 Kg4 38. Kf2 Bb5 39. h3+ Kxh3 40. Rxg5
1-0

[Event "2011 SC Site Championship, Semifinal - Group I"]
[Site "SchemingMind.com"]
[Date "2011.09.25"]
[Round "-"]
[White "Number34"]
[Black "Granny Gambit"]
[Result "1/2-1/2"]
[WhiteCountry "USA"]
[BlackCountry "ENG"]
[WhiteElo "2352"]
[WhiteRD "81"]
[BlackElo "2425"]
[BlackRD "81"]
[GameID "293452"]

1. e4 d6 2. d4 Nf6 3. Nc3 g6 4. f4 Bg7 5. Nf3 c5 6. dxc5 Qa5 7. Qd4 dxc5 8. Qc4 O-O 9. e5 Be6 10. Qb5 Qxb5
11. Bxb5 Nd5 12. Nxd5 Bxd5 13. Be3 c4 14. Rd1 e6 15. b3 Rc8 16. Bxc4 Bxc4 17. bxc4 Bf8 18. Ke2 Na6 19. Rd4 Bc5 20. Re4 Bxe3
21. Kxe3 Rc5 22. Rb1 Ra5 23. Rd4 Nc5 24. Rb2 Rc8 25. Nd2 b6 26. c3 Kf8 27. g4 Ke7 28. g5 Na4 29. Rc2 Nc5 30. Kf3 Ra3
31. Nb1 Ra4 32. Kg4 Kf8 33. Nd2 Kg7 34. h4 h6 35. gxh6+ Kxh6 36. Nb3 Kg7 37. h5 gxh5+ 38. Kxh5 Rh8+ 39. Kg5 f6+ 40. exf6+ Kf7
41. Nxc5 Rg8+ 42. Kh4 bxc5 43. Re4=
1/2-1/2

[Event "2011 SC Site Championship, Semifinal - Group I"]
[Site "SchemingMind.com"]
[Date "2011.09.25"]
[Round "-"]
[White "Girkassa"]
[Black "Number34"]
[Result "0-1"]
[WhiteCountry "NOR"]
[BlackCountry "USA"]
[WhiteElo "2090"]
[WhiteRD "81"]
[BlackElo "2345"]
[BlackRD "80"]
[GameID "293453"]

1. Nf3 d5 2. d4 Nf6 3. c4 c6 4. e3 Bg4 5. Nc3 e6 6. h3 Bh5 7. g4 Bg6 8. Ne5 Nbd7 9. Nxg6 hxg6 10. cxd5 exd5
11. Bg2 Bb4 12. Bd2 Nb6 13. Ne2 Qe7 14. Bxb4 Qxb4+ 15. Qd2 Qe7 16. Qc2 O-O-O 17. O-O-O Kb8 18. g5 Nfd7 19. h4 Nc4 20. Kb1 Nd6
21. Nf4 Nf8 22. Rh3 Ne6 23. Nxe6 Qxe6 24. Rdh1 Rh7 25. Bf3 Rdh8 26. h5 gxh5 27. Rxh5 Rxh5 28. Rxh5 Rxh5 29. Bxh5 g6 30. Be2 Kc7
31. a3 Qe7 32. Qc5 Qxg5 33. Ka2 Qg2 34. Qa5+ Kd7 35. Qe1 Ne4 36. f3 Nd6 37. Kb1 Nf5 38. Bd1 b6 39. Ka2 Qg5 40. f4 Qg3
41. Qe2 Nxe3 42. Qa6 Nxd1 43. Qxa7+ Ke6 44. Qxb6 Kf5 45. Qxc6 Qg2 46. Qc1 Qe2 47. a4 Ke4
0-1

[Event "2011 SC Site Championship, Semifinal - Group I"]
[Site "SchemingMind.com"]
[Date "2011.09.25"]
[Round "-"]
[White "Granny Gambit"]
[Black "Number34"]
[Result "1/2-1/2"]
[WhiteCountry "ENG"]
[BlackCountry "USA"]
[WhiteElo "2443"]
[WhiteRD "78"]
[BlackElo "2342"]
[BlackRD "84"]
[GameID "293454"]

1. d4 Nf6 2. c4 g6 3. Nc3 Bg7 4. e4 d6 5. Nf3 O-O 6. Be2 e5 7. O-O Nc6 8. d5 Ne7 9. b4 Nh5 10. Re1 f5
11. Ng5 Nf6 12. Bf3 c6 13. Be3 h6 14. Ne6 Bxe6 15. dxe6 f4 16. Bc1 Nc8 17. b5 Qe7 18. bxc6 bxc6 19. c5 dxc5 20. Ba3 Nb6
21. Na4 Rfd8 22. Qc2 Nxa4 23. Qxa4 Qxe6 24. Bxc5 Nd7 25. Rec1 Kh7 26. h3 h5 27. Ba3 c5 28. Bxc5 Nxc5 29. Rxc5 Rd2 30. Rc6 Qf7
31. Qa5 Qd7 32. Qa6 Qd4 33. Rf1 Rb8 34. Rxg6 Rxf2 35. Rd1 Rxa2+ 36. Rxd4 Rxa6 37. Rxa6 exd4 38. Bxh5 d3 39. Rd6 a5 40. Rxd3 a4
41. Bf7 Rb4 42. Bd5 Rd4 43. Rxd4 Bxd4+=
1/2-1/2

[Event "2011 SC Site Championship, Semifinal - Group I"]
[Site "SchemingMind.com"]
[Date "2011.09.25"]
[Round "-"]
[White "wilfried"]
[Black "Girkassa"]
[Result "1-0"]
[WhiteCountry "GER"]
[BlackCountry "NOR"]
[WhiteElo "2455"]
[WhiteRD "92"]
[BlackElo "2090"]
[BlackRD "81"]
[GameID "293465"]

1. d4 Nf6 2. c4 c5 3. d5 b5 4. cxb5 a6 5. bxa6 g6 6. Nc3 Bxa6 7. e4 Bxf1 8. Kxf1 d6 9. Nf3 Nbd7 10. g3 Bg7
11. Kg2 O-O 12. Re1 Ra6 13. Qe2 Qa8 14. Bg5 e6 15. Nb5 Qb7 16. dxe6 fxe6 17. a4 d5 18. exd5 exd5 19. Bf4 Ne8 20. Ng5 d4+
21. Kg1 Qd5 22. Nxd4 Rb6 23. Nb5 h6 24. Rad1 Bd4 25. Ne6
1-0

[Event "2011 SC Site Championship, Semifinal - Group I"]
[Site "SchemingMind.com"]
[Date "2011.09.25"]
[Round "-"]
[White "wilfried"]
[Black "Number34"]
[Result "1-0"]
[WhiteCountry "GER"]
[BlackCountry "USA"]
[WhiteElo "2408"]
[WhiteRD "103"]
[BlackElo "2352"]
[BlackRD "81"]
[GameID "293466"]

1. d4 Nf6 2. c4 g6 3. g3 Bg7 4. Bg2 O-O 5. Nc3 d6 6. Nf3 Nc6 7. O-O a6 8. Bf4 Rb8 9. c5 Bd7 10. d5 Na5
11. b4 Nc4 12. Qb3 b5 13. Rad1 e5 14. dxe6 Bxe6 15. Qc2 Qe8 16. Nd4 dxc5 17. bxc5 Qe7 18. Nc6 Qxc5 19. Nxb8 Rxb8 20. Rd3 Ne5
21. Be3 Qe7 22. Rdd1 c5 23. Bf4 Qc7 24. Rd2 Nh5 25. Nd5 Bxd5 26. Rxd5 Nxf4 27. gxf4 Nc4 28. Rfd1 Bf8 29. f5 Nb6 30. fxg6 hxg6
31. R5d3 c4 32. h4 Re8 33. Rg3 Qe5 34. Re3 Qb8 35. Rh3 Qe5 36. h5 Re6 37. Kf1 gxh5 38. Bf3 Rg6 39. Rxh5 Qf6 40. Rf5 Qg7
41. e3 Nc8 42. Rd8 Ne7 43. Rh5 Rg1+ 44. Ke2 Ng6 45. Be4 Qf6 46. Rd2 Qe6 47. Rd4 Qf6 48. Rd1 Rxd1 49. Qxd1 Be7 50. a4 b4
51. Bd5 Qb2+ 52. Kf1 Qc3 53. Qb1 Kg7 54. Qf5 Qd3+ 55. Qxd3 cxd3 56. Bc4 f6 57. Rd5 Ne5 58. Bxa6
1-0

[Event "2011 SC Site Championship, Semifinal - Group I"]
[Site "SchemingMind.com"]
[Date "2011.09.25"]
[Round "-"]
[White "wilfried"]
[Black "Granny Gambit"]
[Result "1/2-1/2"]
[WhiteCountry "GER"]
[BlackCountry "ENG"]
[WhiteElo "2455"]
[WhiteRD "92"]
[BlackElo "2420"]
[BlackRD "81"]
[GameID "293467"]

1. d4 Nf6 2. c4 g6 3. g3 c6 4. Nf3 Bg7 5. Bg2 d5 6. O-O O-O 7. Qb3 Qb6 8. Nc3 Rd8 9. c5 Qxb3 10. axb3 Na6
11. Bf4 Nd7 12. Rfd1 Re8 13. h3 h6 14. g4 g5 15. Bg3 e5 16. e3 exd4 17. exd4 Nf8 18. Bf1 Nb4 19. Ra4 a5 20. Rda1 h5
21. gxh5 Nc2 22. Rd1 g4 23. Nh4 gxh3 24. Kh2 Bg4 25. Rd2 Nb4 26. Bxh3 Bxh5 27. Nf5 Ne6 28. Bd6 Bg6 29. Nxg7 Kxg7 30. f4 f6
31. Kg3 Bc2 32. Bg4 Kf7 33. Nd1 Rg8 34. Ne3 Be4 35. f5 Ng7 36. Kf2 Nd3+ 37. Ke2 Nc1+ 38. Kf2 Nxb3 39. Rd1 Rh8 40. Bc7 Ke7
41. Rg1 Rh7 42. Rd1 Kd7 43. Bg3 Nh5 44. Bh2 Ra6 45. Bf3 Bxf3 46. Kxf3 b5 47. cxb6 Rxb6 48. Ng4 Re7 49. Bf4 Re4 50. Be3 Rb8
51. Rh1 Rg8 52. Rxh5 Rgxg4 53. Rh7+ Kd6 54. Rf7 Nxd4+ 55. Rxd4 Rxd4 56. Rxf6+ Ke5 57. Bxd4+ Rxd4 58. Rxc6=
1/2-1/2

[Event "2011 SC Site Championship, Semifinal - Group I"]
[Site "SchemingMind.com"]
[Date "2011.09.25"]
[Round "-"]
[White "Girkassa"]
[Black "wilfried"]
[Result "0-1"]
[WhiteCountry "NOR"]
[BlackCountry "GER"]
[WhiteElo "2090"]
[WhiteRD "81"]
[BlackElo "2455"]
[BlackRD "92"]
[GameID "293468"]

1. d4 d5 2. c4 c6 3. Nf3 Nf6 4. e3 Bf5 5. Nc3 e6 6. Nh4 Be4 7. f3 Bg6 8. Nxg6 hxg6 9. Qb3 Qc7 10. Bd2 Nbd7
11. O-O-O dxc4 12. Bxc4 Nb6 13. h3 a5 14. Ne4 a4 15. Qc2 Nxc4 16. Qxc4 Nxe4 17. fxe4 b5 18. Qe2 a3 19. b3 Rb8 20. Kb1 c5
21. Rc1 c4 22. Ka1 Rc8 23. Rc2 Be7 24. Rb1 Qc6 25. bxc4 Qxe4 26. Bb4 Bxb4 27. Rxb4 bxc4 28. Ra4 Rxh3 29. Rxa3 Rh1+ 30. Kb2 Rb8+
31. Kc3 Re1
0-1

[Event "2011 SC Site Championship, Semifinal - Group I"]
[Site "SchemingMind.com"]
[Date "2011.09.25"]
[Round "-"]
[White "Number34"]
[Black "wilfried"]
[Result "1/2-1/2"]
[WhiteCountry "USA"]
[BlackCountry "GER"]
[WhiteElo "2352"]
[WhiteRD "81"]
[BlackElo "2408"]
[BlackRD "103"]
[GameID "293469"]

1. e4 c5 2. Nf3 Nc6 3. d4 cxd4 4. Nxd4 Nf6 5. Nc3 e5 6. Ndb5 d6 7. Bg5 a6 8. Na3 b5 9. Nd5 Be7 10. Bxf6 Bxf6
11. c3 O-O 12. Nc2 Be6 13. a4 Bxd5 14. exd5 Ne7 15. axb5 Qb6 16. Nb4 axb5 17. Rxa8 Rxa8 18. Bd3 Qc5 19. O-O g6 20. Qe2 Ra5
21. Qe3 Nc8 22. Nc6 Ra2 23. Qe2 Nb6 24. Nb4 Ra5 25. Rd1 Kg7 26. g3 h6 27. h3 Nc4 28. Nc6 Ra8 29. b4 Qxd5 30. Na5 Qe6
31. Nxc4 bxc4 32. Bxc4 Qxh3 33. b5 Qf5 34. Rxd6 e4 35. Ra6 Rf8 36. b6 Bxc3 37. Kg2 h5 38. b7 h4 39. Ra8 Be5 40. Bd5 hxg3
41. Rxf8 Kxf8 42. fxg3 Qf3+ 43. Qxf3 exf3+ 44. Kxf3 f5 45. g4 Ke7=
1/2-1/2

[Event "2011 SC Site Championship, Semifinal - Group I"]
[Site "SchemingMind.com"]
[Date "2011.09.25"]
[Round "-"]
[White "Granny Gambit"]
[Black "wilfried"]
[Result "1/2-1/2"]
[WhiteCountry "ENG"]
[BlackCountry "GER"]
[WhiteElo "2443"]
[WhiteRD "78"]
[BlackElo "2388"]
[BlackRD "106"]
[GameID "293470"]

1. d4 d5 2. c4 c6 3. Nf3 Nf6 4. Nc3 e6 5. Bg5 dxc4 6. e4 b5 7. e5 h6 8. Bh4 g5 9. Nxg5 hxg5 10. Bxg5 Nbd7
11. exf6 Bb7 12. g3 c5 13. d5 Nxf6 14. Bg2 Be7 15. O-O Nxd5 16. Bxe7 Kxe7 17. Nxb5 Qb6 18. Na3 Rh4 19. Qd2 Nf4 20. Nxc4 Qa6
21. Rfc1 Rg8 22. Bxb7 Qxb7 23. Qd6+ Kf6 24. Qe5+ Ke7 25. Qxc5+ Kf6 26. Qe5+ Ke7 27. Qd6+=
1/2-1/2

[Event "2011 SC Site Championship, Semifinal - Group I"]
[Site "SchemingMind.com"]
[Date "2011.09.25"]
[Round "-"]
[White "pjl1015"]
[Black "wilfried"]
[Result "1-0"]
[WhiteCountry "USA"]
[BlackCountry "GER"]
[WhiteElo "2663"]
[WhiteRD "100"]
[BlackElo "2388"]
[BlackRD "106"]
[GameID "293471"]

1. e4 c5 2. Nf3 Nc6 3. Bb5 d6 4. O-O Bd7 5. Re1 Nf6 6. c3 a6 7. Bf1 Bg4 8. d4 Bxf3 9. gxf3 g5 10. Be3 Rg8
11. Nd2 e6 12. d5 Ne5 13. b4 Qc7 14. Rb1 c4 15. b5 axb5 16. Rxb5 g4 17. f4
1-0

[Event "2011 SC Site Championship, Semifinal - Group I"]
[Site "SchemingMind.com"]
[Date "2011.09.25"]
[Round "-"]
[White "pjl1015"]
[Black "Girkassa"]
[Result "1-0"]
[WhiteCountry "USA"]
[BlackCountry "NOR"]
[WhiteElo "2632"]
[WhiteRD "97"]
[BlackElo "2105"]
[BlackRD "82"]
[GameID "293472"]

1. e4 c6 2. d4 d5 3. Nc3 dxe4 4. Nxe4 Bf5 5. Ng3 Bg6 6. Nf3 Nd7 7. Bd3 e6 8. Bf4 Ngf6 9. Bxg6 hxg6 10. O-O Nd5
11. Bg5 Be7 12. Bxe7 Qxe7 13. c4 N5f6 14. Re1 Rd8 15. Qb3 Nb6 16. Ne4 Nxe4 17. Rxe4 O-O 18. Rae1 Rfe8 19. a3 Nc8 20. c5 Rd5
21. Ne5 g5 22. f4 f5 23. R4e2 gxf4 24. h4 Rxd4 25. Nxc6 Qxc5 26. Nxd4 Qxd4+ 27. Kf1 Nd6 28. Rxe6 Rxe6 29. Qxe6+ Kh7 30. h5 Qd3+
31. Qe2 Qg3 32. Qe5 Qd3+ 33. Kg1 Nc4 34. Qxf4 Nxb2 35. h6
1-0

[Event "2011 SC Site Championship, Semifinal - Group I"]
[Site "SchemingMind.com"]
[Date "2011.09.25"]
[Round "-"]
[White "pjl1015"]
[Black "Number34"]
[Result "1/2-1/2"]
[WhiteCountry "USA"]
[BlackCountry "USA"]
[WhiteElo "2674"]
[WhiteRD "97"]
[BlackElo "2352"]
[BlackRD "81"]
[GameID "293473"]

1. e4 c6 2. d4 d5 3. Nd2 dxe4 4. Nxe4 Bf5 5. Ng3 Bg6 6. Nf3 Nd7 7. Bd3 Ngf6 8. O-O e6 9. Bxg6 hxg6 10. Bf4 Qb6
11. Qe2 c5 12. Rfd1 cxd4 13. Nxd4 Bc5 14. Nb3 Be7 15. c4 Rc8 16. h3 O-O 17. Ne4 Rfe8 18. Nxf6+ Nxf6 19. Be5 Red8 20. Rxd8+ Rxd8
21. Bc3 Qc6 22. Re1 Nh5 23. Qe4 Qc8 24. Qf3 Bf6 25. Bxf6 Nxf6 26. Rc1 b6 27. Qc3 Qc7 28. Qe3 a5 29. c5 bxc5=
1/2-1/2

[Event "2011 SC Site Championship, Semifinal - Group I"]
[Site "SchemingMind.com"]
[Date "2011.09.24"]
[Round "-"]
[White "pjl1015"]
[Black "Granny Gambit"]
[Result "1-0"]
[WhiteCountry "USA"]
[BlackCountry "ENG"]
[WhiteElo "2674"]
[WhiteRD "97"]
[BlackElo "2425"]
[BlackRD "81"]
[GameID "293474"]

1. e4 d6 2. d4 Nf6 3. Nc3 g6 4. Nf3 Bg7 5. Be2 O-O 6. O-O c6 7. h3 Nbd7 8. Be3 Qc7 9. a4 Re8 10. Qd2 b6
11. Rfe1 Bb7 12. a5 b5 13. a6 Bc8 14. e5 dxe5 15. dxe5 Nxe5 16. Nxe5 Qxe5 17. Bf3 b4 18. Na2 Bd7 19. Nxb4 Qc7 20. Bc5 Nd5
21. Nxd5 cxd5 22. Bxd5 Bxb2 23. Rab1 Rab8 24. Qe3 Rb5 25. Bxa7 Rxd5 26. Rxb2 Qa5 27. Rb8 Qxa6 28. Rxe8+ Bxe8 29. Qxe7 Bb5 30. c4
1-0

[Event "2011 SC Site Championship, Semifinal - Group I"]
[Site "SchemingMind.com"]
[Date "2011.09.25"]
[Round "-"]
[White "wilfried"]
[Black "pjl1015"]
[Result "1/2-1/2"]
[WhiteCountry "GER"]
[BlackCountry "USA"]
[WhiteElo "2455"]
[WhiteRD "92"]
[BlackElo "2643"]
[BlackRD "95"]
[GameID "293475"]

1. d4 Nf6 2. c4 c5 3. d5 b5 4. cxb5 a6 5. e3 e6 6. dxe6 fxe6 7. Nc3 Be7 8. Nf3 O-O 9. b3 axb5 10. Bxb5 Qa5
11. Bd2 Qb6 12. O-O d5 13. a4 Nc6 14. Qb1 Rb8 15. h3 Na7 16. Bd3 Qxb3 17. a5 Qb7 18. Qxb7 Bxb7 19. Rfb1 Nd7 20. e4 Bc6
21. Rxb8 Rxb8 22. exd5 exd5 23. Bf5 d4 24. Be6+ Kf8 25. Nd5 Bd6 26. Re1 Re8 27. Ng5 g6 28. Nf7 Bxd5 29. Bxd5 Rxe1+ 30. Bxe1 Ke7
31. Kf1 Nb5 32. Bc4 Na3 33. Ba2 Nb5 34. Bd2 Bc7 35. a6 Nb6 36. Ng5 c4 37. Nxh7 Bd6 38. h4 d3 39. Ng5 c3 40. Be3 c2
41. Nf3 Bb4 42. Bc1 Kf6 43. Bb3=
1/2-1/2

[Event "2011 SC Site Championship, Semifinal - Group I"]
[Site "SchemingMind.com"]
[Date "2011.09.24"]
[Round "-"]
[White "Girkassa"]
[Black "pjl1015"]
[Result "0-1"]
[WhiteCountry "NOR"]
[BlackCountry "USA"]
[WhiteElo "2105"]
[WhiteRD "82"]
[BlackElo "2632"]
[BlackRD "97"]
[GameID "293476"]

1. Nf3 Nf6 2. c4 c5 3. Nc3 Nc6 4. g3 g6 5. d4 cxd4 6. Nxd4 Bg7 7. Bg2 O-O 8. O-O Nxd4 9. Qxd4 d6 10. Qd3 Bf5
11. e4 Be6 12. b3 Ng4 13. Bb2 Qa5 14. h3 Ne5 15. Qc2 Rac8 16. Nd5 Bxd5 17. exd5 b5 18. f4 Nd7 19. Bxg7 Kxg7 20. Rae1 bxc4
21. Rxe7 cxb3 22. Qb2+ Nf6 23. axb3 Rc3 24. Kh2 Qc5 25. b4 Qc4 26. Rf3 Rc2 27. Qb3 Qxb3 28. Rxb3 Nxd5 29. Re1 Rb8 30. Rd1 Rxb4
31. Rxb4 Nxb4 32. Rxd6 a5 33. Rd7 a4 34. Ra7 Ra2 35. Rb7 Rb2 36. Ra7 a3
0-1

[Event "2011 SC Site Championship, Semifinal - Group I"]
[Site "SchemingMind.com"]
[Date "2011.09.25"]
[Round "-"]
[White "Number34"]
[Black "pjl1015"]
[Result "0-1"]
[WhiteCountry "USA"]
[BlackCountry "USA"]
[WhiteElo "2352"]
[WhiteRD "81"]
[BlackElo "2674"]
[BlackRD "97"]
[GameID "293477"]

1. e4 e5 2. f4 exf4 3. Bc4 Qh4+ 4. Kf1 d6 5. Nf3 Qf6 6. d4 Be6 7. d5 Bc8 8. Nc3 g5 9. Nb5 Na6 10. Bd2 Bg7
11. Bc3 Qg6 12. Bxg7 Qxg7 13. Qd4 Nf6 14. Re1 O-O 15. e5 dxe5 16. Rxe5 h6 17. h4 g4 18. Nd2 c6 19. dxc6 bxc6 20. Nd6 Nc7
21. Qxf4 Nfd5 22. Qg3 f5 23. Re1 f4 24. Qc3 Qxc3 25. bxc3 Be6 26. Kg1 Rad8 27. N2e4 g3 28. Nb7 Rde8 29. Bd3 Bf5 30. Nbd6 Re6
31. Nxf5 Rxf5 32. Rf1 Rfe5 33. Nd2 Re1 34. c4 Nc3 35. Nf3 Rxf1+ 36. Kxf1 Nd1 37. Nd2 c5
0-1

[Event "2011 SC Site Championship, Semifinal - Group I"]
[Site "SchemingMind.com"]
[Date "2011.09.24"]
[Round "-"]
[White "Granny Gambit"]
[Black "pjl1015"]
[Result "0-1"]
[WhiteCountry "ENG"]
[BlackCountry "USA"]
[WhiteElo "2425"]
[WhiteRD "81"]
[BlackElo "2674"]
[BlackRD "97"]
[GameID "293478"]

1. d4 d5 2. c4 e6 3. Nc3 Nf6 4. cxd5 exd5 5. Bg5 c6 6. Qc2 Be6 7. e3 Nbd7 8. Bd3 h6 9. Bh4 g5 10. Bg3 Nh5
11. Nge2 Nxg3 12. Nxg3 Qc7 13. h4 Rg8 14. hxg5 hxg5 15. O-O-O O-O-O 16. Kb1 Kb8 17. Rc1 Re8 18. a3 Qd8 19. Nf5 Nf6 20. Nh6 Bxh6
21. Rxh6 Ng4 22. Rh3 Rh8 23. Qe2 Nf6 24. Rhh1 Qd6 25. Na4 Rh2 26. Rxh2 Qxh2 27. g3 Rh8 28. Nc5 Bc8 29. Ka2 Qh6 30. b4 Nd7
31. Nxd7+ Bxd7 32. Qf3 Be6 33. g4 Qf8 34. Qf6 Qd8 35. Qxd8+ Rxd8 36. Rh1 Bxg4
0-1